| 000 | 00621nam a2200241Ia 4500 | ||
|---|---|---|---|
| 003 | OSt | ||
| 005 | 20250712161600.0 | ||
| 008 | 210423s2005 xx 000 0 und d | ||
| 020 | _a8122901824 | ||
| 040 | _cAL | ||
| 041 | _aEnglish | ||
| 082 |
_a070.4 _bSMIG |
||
| 100 |
_aRon F Smith _942449 |
||
| 245 | _aGroping for ethics in journalism | ||
| 250 | _a5 | ||
| 260 |
_aNew Delhi _bSurjeeth Publications _c2005 |
||
| 300 |
_aix,422p. _bPB _c21x14cm. |
||
| 365 |
_b295 _cINR |
||
| 650 |
_aJournalism _942450 |
||
| 650 |
_aJournalism & Media _942451 |
||
| 906 | _aethics ; Groping ; journalism | ||
| 942 |
_2ddc _cBK |
||
| 999 |
_c155529 _d155529 |
||